| 000 | nam a22 7a 4500 | ||
|---|---|---|---|
| 999 |
_c126397 _d126397 |
||
| 008 | 170411b xxu||||| |||| 00| 0 eng d | ||
| 050 | _aDT3000.W45 1994 | ||
| 100 |
_aWeiss, Ruth _929798 |
||
| 245 |
_aZimbabwe and the new elite _cRuth Weiss |
||
| 260 |
_aLondon _bBritish academy _c1994 |
||
| 300 |
_axxv, 226p. ; _c22cm. |
||
| 650 |
_aZimbabwe african national union _929362 |
||
| 650 |
_aElite ( social sciences ) _zZimbabwe _929799 |
||
| 650 |
_aZimbabwe _xPolitics _y1980 _917606 |
||
| 650 |
_aZimbabwe _xRace relations _929800 |
||
| 942 |
_2lcc _cMONOGRAPH |
||